LIBRARY ONLINE CATALOGUE

The Iraq War and International Law (Record no. 17007)

MARC details
000 -LEADER
fixed length control field 00324nam a22001097a 4500
008 - FIXED-LENGTH DATA ELEMENTS--GENERAL INFORMATION
fixed length control field 180717b xxu||||| |||| 00| 0 eng d
020 ## - INTERNATIONAL STANDARD BOOK NUMBER
International Standard Book Number 1841136691
050 ## - LIBRARY OF CONGRESS CALL NUMBER
Classification number KZ6795
Item number .I73 2008 c.1
245 ## - TITLE STATEMENT
Title The Iraq War and International Law
Statement of responsibility, etc. Edited by Phil Shiner and Andrew Williams
300 ## - PHYSICAL DESCRIPTION
Extent xxxiii, 352p.
942 ## - ADDED ENTRY ELEMENTS (KOHA)
Source of classification or shelving scheme Library of Congress Classification
Koha item type General Collection
Holdings
Withdrawn status Lost status Source of classification or shelving scheme Not for loan Home library Current library Date acquired Cost, normal purchase price Total Checkouts Full call number Barcode Date last seen Date last checked out Price effective from Koha item type
    Library of Congress Classification   Kabarak, Main Campus Kabarak, Main Campus 17/07/2018 6450.00 4 KZ6795 .I73 2008 c.1 024742 16/10/2019 12/10/2019 17/07/2018 General Collection